000 00463nam a22001697a 4500
003 NUST - PNEC
005 20170116181154.0
008 160111b xxu||||| |||| 00| 0 eng d
020 _a-
040 _cLIBRARY
082 _a891.4391 RAF
100 _915795
_aRafique Rana
245 _a Jo na ate to acha tha
_cDr. Mohammad Rafique Rana
260 _aLahore:
_bProgressive Publishers;
_cc1993.
650 _915797
_aUrdu Literature
_xGeneral
942 _2ddc
_cBK
999 _c71140
_d71140